| Tag |
First Indicator |
Second Indicator |
Subfields |
| LEADER |
00000cam a2200000 4500 |
| 001 |
in00000250121 |
| 005 |
20151010055529.0 |
| 008 |
721018s1970 nyu b 00010 eng |
| 010 |
|
|
|a 76132981
|
| 020 |
|
|
|a 0822400176
|c $10.00
|
| 035 |
|
|
|a (OCoLC)00229836
|
| 035 |
|
|
|9 ABD0920AM
|
| 040 |
|
|
|a DLC
|c DLC
|d TXA
|d UtOrBLW
|
| 043 |
|
|
|a n-us---
|
| 049 |
|
|
|a TXAM
|c [1147180]
|
| 050 |
0 |
0 |
|a QC928
|b .T32
|
| 082 |
0 |
|
|a 343/.73/07
|
| 100 |
1 |
|
|a Taubenfeld, Howard J.,
|d 1924-1996.
|
| 245 |
1 |
0 |
|a Controlling the weather ;
|b a study of law and regulatory procedures [as printed] /
|c edited by Howard J. Taubenfeld.
|
| 264 |
|
1 |
|a New York :
|b Dunellen Co.,
|c [1970]
|
| 300 |
|
|
|a xvi, 275 pages ;
|c 23 cm.
|
| 336 |
|
|
|a text
|b txt
|2 rdacontent
|
| 337 |
|
|
|a unmediated
|b n
|2 rdamedia
|
| 338 |
|
|
|a volume
|b nc
|2 rdacarrier
|
| 504 |
|
|
|a Includes bibliographical references.
|
| 650 |
|
0 |
|a Weather control
|z United States.
|
| 650 |
|
0 |
|a Weather control
|x Law and legislation
|z United States.
|
| 999 |
|
|
|a MARS
|
| 999 |
f |
f |
|s b3a30979-8e78-3c2a-9543-a2723c939a34
|i b662aba7-e18c-3153-b89b-fe6f8463a415
|t 0
|
| 952 |
f |
f |
|p normal
|a Texas A&M University
|b College Station
|c Sterling C. Evans Library
|d Evans: Library Stacks
|t 0
|e QC928 .T32
|h Library of Congress classification
|i unmediated -- volume
|m A14804662411
|
| 998 |
f |
f |
|a QC928 .T32
|t 0
|l Evans: Library Stacks
|